[Event "Continental de las Americas"]
[Site "Buenos Aires"]
[Date "2005.08.07"]
[Round "2.41"]
[White "Uribe, Mauricio"]
[Black "Malajovich, Sandra"]
[Result "1-0"]
[WhiteElo "2373"]
[BlackElo "2126"]
[PlyCount "112"]
[EventDate "2005.08.06"]

1. e4 c5 2. Nf3 Nc6 3. Bb5 d6 4. O-O e5 5. c3 Nge7 6. d4 a6 7. Bc4 b5 8. Bd5
Nxd5 9. exd5 Ne7 10. dxe5 dxe5 11. d6 Nc6 12. Nxe5 Nxe5 13. Qd5 Be6 14. Qxe5
Qxd6 15. Qg5 Be7 16. Bf4 Bxg5 17. Bxd6 Rc8 18. f4 Be7 19. Bxe7 Kxe7 20. Nd2
Rhd8 21. Rf2 f6 22. Nf1 Rd3 23. Re1 Kf7 24. Rfe2 Re8 25. Ng3 Bd7 26. Ne4 c4 27.
Kf2 Rd5 28. a3 Bc6 29. Ng3 Rxe2+ 30. Rxe2 Bd7 31. Nf1 a5 32. Rd2 Bc6 33. Rxd5
Bxd5 34. Ne3 Be4 35. a4 Bc6 36. axb5 Bxb5 37. Nf5 Ba6 38. Ke3 g6 39. Nd4 Bb7
40. g3 Bg2 41. h4 Ke7 42. Nc2 Kd6 43. Kd4 Kc6 44. Ne3 Bf3 45. Nxc4 a4 46. Nd2
Bd5 47. c4 Bf7 48. Ne4 f5 49. Nc3 Kb6 50. Nxa4+ Ka5 51. Nc3 Kb4 52. Nd5+ Kb3
53. c5 Kxb2 54. c6 Kc2 55. c7 Be6 56. Nb6 Kd2 1-0

[Event "Continental de las Americas"]
[Site "Buenos Aires"]
[Date "2005.08.07"]
[Round "2.42"]
[White "Duje, Rafael"]
[Black "Amura, Claudia"]
[Result "0-1"]
[WhiteElo "2146"]
[BlackElo "2372"]
[PlyCount "86"]
[EventDate "2005.08.06"]

1. e4 c5 2. Nf3 Nc6 3. d3 e6 4. g3 d5 5. Nbd2 Nf6 6. Bg2 Be7 7. O-O O-O 8. Re1
b5 9. e5 Nd7 10. Nf1 a5 11. h4 b4 12. Bf4 a4 13. a3 Nb6 14. N1h2 c4 15. Bg5 Ba6
16. Bxe7 Qxe7 17. Ng5 Rfb8 18. Re3 cxd3 19. cxd3 bxa3 20. bxa3 Nd4 21. Qh5 h6
22. Ng4 Nd7 23. Rc1 Rc8 24. Rxc8+ Rxc8 25. Bh3 Rc3 26. Nxh6+ gxh6 27. Qxh6 Nf8
28. Bg4 Bxd3 29. Rxd3 Rxd3 30. Kg2 Rxa3 31. Nh3 Nf5 32. Qh5 d4 33. Nf4 Qb7+ 34.
Kh2 Ra2 35. Qg5+ Ng6 36. Qd8+ Nf8 37. Qg5+ Ng7 38. Nh3 Ra1 39. Ng1 Qb1 40. Bf3
Qxg1+ 41. Kh3 Qxf2 42. Be4 Rg1 43. h5 a3 0-1

[Event "Continental de las Americas"]
[Site "Buenos Aires"]
[Date "2005.08.07"]
[Round "2.43"]
[White "Lawson, Eric"]
[Black "Marinangeli, Martin"]
[Result "1-0"]
[WhiteElo "2367"]
[BlackElo "2119"]
[PlyCount "123"]
[EventDate "2005.08.06"]

1. d4 Nf6 2. Bg5 e6 3. e4 h6 4. Bxf6 Qxf6 5. Nc3 d6 6. Qd2 g5 7. g3 Bg7 8. Nb5
Qe7 9. c3 a6 10. Na3 b6 11. Bg2 Bb7 12. Nc2 Nd7 13. Ne3 O-O-O 14. O-O-O Kb8 15.
Kb1 c5 16. Ne2 Ka7 17. Rhe1 Rhg8 18. f4 gxf4 19. Nxf4 Bh8 20. Rf1 Nf6 21. Qd3
h5 22. Ka1 Ng4 23. Nxh5 Qg5 24. Nxg4 Qxh5 25. h3 f5 26. Nf2 cxd4 27. cxd4 Rdf8
28. g4 fxg4 29. Nxg4 Qg5 30. a3 a5 31. Rxf8 Rxf8 32. Qb3 Qg6 33. Qb5 Rd8 34.
Qd3 Rc8 35. Bf3 Rf8 36. Bh1 Rf4 37. Qe3 Rf8 38. e5 Bxh1 39. Rxh1 dxe5 40. dxe5
Bg7 41. Rc1 Rf7 42. Ka2 Bf8 43. Rc6 Bc5 44. Rxc5 bxc5 45. Qxc5+ Kb8 46. Qb6+
Ka8 47. Qd8+ Ka7 48. Qxa5+ Kb8 49. Qd8+ Ka7 50. Qd4+ Kb8 51. Nf6 Qc2 52. Nd7+
Rxd7 53. Qxd7 Qc4+ 54. Kb1 Qf1+ 55. Kc2 Qe2+ 56. Kb3 Qxe5 57. h4 Qg3+ 58. Ka2
Qxh4 59. Qxe6 Qd4 60. Qb3+ Ka7 61. Qb5 Qe4 62. Qa5+ 1-0

[Event "Continental de las Americas"]
[Site "Buenos Aires"]
[Date "2005.08.07"]
[Round "2.44"]
[White "Contreras, Henry"]
[Black "Guerrero, Alvaro"]
[Result "1-0"]
[WhiteElo "2328"]
[BlackElo "2092"]
[PlyCount "63"]
[EventDate "2005.08.06"]

1. e4 e5 2. Nf3 Nf6 3. Nxe5 d6 4. Nf3 Nxe4 5. d4 d5 6. Bd3 Be7 7. O-O Nc6 8. c4
Nb4 9. Be2 c5 10. Nc3 cxd4 11. Nxd4 O-O 12. Nxd5 Nxd5 13. cxd5 Nf6 14. Bf3 Nxd5
15. Qb3 Bc5 16. Rd1 Ne7 17. Qc3 Qb6 18. a3 Nf5 19. Be3 Nxe3 20. fxe3 Re8 21.
Rac1 Be7 22. Kh1 Bg5 23. Rd3 Qh6 24. Bd5 Bg4 25. Rf1 Re7 26. e4 Bf6 27. h3 Be5
28. Qb3 Bxd4 29. Bxf7+ Kh8 30. Rxd4 Rc8 31. Qd3 g6 32. Rd8+ 1-0

[Event "Continental de las Americas"]
[Site "Buenos Aires"]
[Date "2005.08.07"]
[Round "2.45"]
[White "Avalos, Joao"]
[Black "Cuevas, Alex"]
[Result "0-1"]
[WhiteElo "2333"]
[BlackElo "2017"]
[PlyCount "76"]
[EventDate "2005.08.06"]

1. d4 Nf6 2. Nf3 c5 3. d5 d6 4. Nc3 g6 5. e4 Bg7 6. Be2 Na6 7. h3 Nc7 8. a4 b6
9. O-O O-O 10. Nd2 e5 11. Nc4 Nfe8 12. f4 exf4 13. Bxf4 Ba6 14. Qd2 Qd7 15.
Rae1 Rb8 16. e5 Bxc4 17. Bxc4 dxe5 18. Bxe5 Bxe5 19. Rxe5 Nd6 20. Bd3 f6 21.
Re3 Qf7 22. Rg3 Rbe8 23. h4 Kh8 24. Qf4 Re5 25. Bxg6 Qe7 26. Bd3 Nxd5 27. Nxd5
Rxd5 28. Qh6 f5 29. Kh2 Re5 30. Qf4 c4 31. Qd4 cxd3 32. Re1 Re8 33. cxd3 Nf7
34. Kh3 Qc5 35. Rxe5 Qxe5 36. Qd7 f4 37. Rg4 Nh6 38. d4 Qe3+ 0-1

[Event "Continental de las Americas"]
[Site "Buenos Aires"]
[Date "2005.08.07"]
[Round "2.46"]
[White "Ricardi, Pablo"]
[Black "Perez Wertheim, Rodolfo"]
[Result "1-0"]
[WhiteElo "2551"]
[BlackElo "2000"]
[PlyCount "35"]
[EventDate "2005.08.06"]

1. e4 e5 2. Nf3 Nc6 3. Bb5 f5 4. d3 fxe4 5. dxe4 Nf6 6. O-O d6 7. c4 Bg4 8. c5
Nxe4 9. Qa4 Bxf3 10. Bxc6+ bxc6 11. Qxc6+ Kf7 12. Qd5+ Kf6 13. Nc3 Bxg2 14. f4
Bxf1 15. Nxe4+ Ke7 16. fxe5 Qc8 17. Bg5+ Ke8 18. Rxf1 1-0

[Event "Continental de las Americas"]
[Site "Buenos Aires"]
[Date "2005.08.07"]
[Round "2.47"]
[White "Mesias, Rabindranath"]
[Black "Leitao, Rafael"]
[Result "0-1"]
[WhiteElo "2220"]
[BlackElo "2598"]
[PlyCount "38"]
[EventDate "2005.08.06"]

1. e4 c5 2. Nf3 Nc6 3. d4 cxd4 4. Nxd4 e6 5. Nxc6 bxc6 6. Bd3 Nf6 7. O-O d5 8.
Nd2 Be7 9. Qe2 O-O 10. b3 a5 11. Bb2 a4 12. f4 Ba6 13. e5 Nd7 14. Kh1 Qb6 15.
Nf3 Bxd3 16. Qxd3 Qa6 17. Qe3 c5 18. g4 a3 19. Bc3 d4 0-1

[Event "Continental de las Americas"]
[Site "Buenos Aires"]
[Date "2005.08.07"]
[Round "2.48"]
[White "Quezada, Yuniesky"]
[Black "Burijovich, Liliana"]
[Result "1-0"]
[WhiteElo "2522"]
[BlackElo "2211"]
[PlyCount "103"]
[EventDate "2005.08.06"]

1. e4 c5 2. Nf3 e6 3. d4 cxd4 4. Nxd4 Qb6 5. Nb3 Qc7 6. Bd3 Nf6 7. Nc3 a6 8.
O-O Be7 9. f4 d6 10. Qf3 Nc6 11. a4 O-O 12. Kh1 Nb4 13. Be3 Bd7 14. Qg3 Nxd3
15. cxd3 b5 16. Rac1 Qb8 17. e5 Nh5 18. Qf3 g6 19. axb5 axb5 20. Nxb5 Qxb5 21.
Nd4 Qd5 22. Qxd5 exd5 23. Nc6 Rfe8 24. d4 Bf8 25. Bd2 dxe5 26. dxe5 f5 27. Rf3
Kf7 28. Rb3 Ng7 29. Rb7 Kg8 30. Rxd7 Rac8 31. Rxd5 Rc7 32. Ba5 Rb7 33. b4 Ne6
34. g3 h6 35. Kg2 g5 36. Kf3 Kf7 37. Rc4 Be7 38. Nd4 Nxd4+ 39. Rdxd4 Bf8 40.
Ke3 Re6 41. Rc8 Be7 42. Kd3 gxf4 43. gxf4 Rg6 44. Ra8 h5 45. Rh8 h4 46. Rh7+
Rg7 47. e6+ Kg6 48. Rxg7+ Kxg7 49. Rd7 Rb5 50. Rxe7+ Kf6 51. Re8 Rd5+ 52. Kc3
1-0

[Event "Continental de las Americas"]
[Site "Buenos Aires"]
[Date "2005.08.07"]
[Round "2.49"]
[White "Vera, Reynaldo"]
[Black "Di Benedetto, Guillermo"]
[Result "1-0"]
[WhiteElo "2490"]
[BlackElo "2205"]
[PlyCount "101"]
[EventDate "2005.08.06"]

1. d4 f5 2. Nc3 d5 3. Bf4 Nf6 4. e3 e6 5. Nb5 Bd6 6. Nxd6+ cxd6 7. c3 O-O 8.
Bd3 Nc6 9. h3 Qe7 10. Ne2 e5 11. Bg5 h6 12. Bxf6 Rxf6 13. Qb3 Be6 14. Qa3 Rb8
15. dxe5 dxe5 16. Qxe7 Nxe7 17. f4 Nc6 18. Bb5 e4 19. O-O-O Kf7 20. b4 Ne7 21.
Ba4 Nc8 22. Bb3 Nb6 23. Rd2 Rc8 24. Kb2 Ke7 25. Rhd1 Rg6 26. Rg1 h5 27. g3 Rc7
28. a4 Nc4+ 29. Bxc4 Rxc4 30. Nd4 a5 31. Kb3 Bd7 32. b5 Ke8 33. Rdg2 Rc8 34. g4
hxg4 35. hxg4 Rxg4 36. Nxf5 Bxf5 37. Rxg4 Bxg4 38. Rxg4 Kf7 39. Rg5 Rc5 40. Re5
g6 41. Kb2 Kf6 42. Kc2 Kf7 43. Kb3 b6 44. Kb2 Kf6 45. Re8 g5 46. fxg5+ Kxg5 47.
Re6 Kg4 48. Rxb6 Kf3 49. Rc6 d4 50. Rxc5 dxe3 51. Kc2 1-0

[Event "Continental de las Americas"]
[Site "Buenos Aires"]
[Date "2005.08.07"]
[Round "2.50"]
[White "Zugic, Igor"]
[Black "Herrera, Martin"]
[Result "1-0"]
[WhiteElo "2474"]
[BlackElo "2192"]
[PlyCount "82"]
[EventDate "2005.08.06"]

1. d4 Nf6 2. c4 g6 3. Nc3 d5 4. cxd5 Nxd5 5. Bd2 Bg7 6. e4 Nb6 7. Be3 O-O 8. h3
Nc6 9. Nf3 Na5 10. b3 f5 11. exf5 Bxf5 12. Rc1 Nc6 13. Bb5 Nb4 14. O-O c6 15.
Be2 Kh8 16. Qd2 N6d5 17. Bh6 Nxc3 18. Rxc3 Nd5 19. Bxg7+ Kxg7 20. Rcc1 Qd6 21.
Ne5 Be4 22. f3 Bf5 23. Rfd1 Be6 24. Bc4 Nf4 25. Re1 Bd5 26. Bf1 Rad8 27. Rcd1
Ne6 28. Qe3 Rf4 29. Rd2 b5 30. g3 Rff8 31. h4 h6 32. f4 a6 33. Bd3 Rf6 34. Ng4
Rff8 35. Bc2 h5 36. Ne5 Rf6 37. Rf2 Qb4 38. Rd1 Qd6 39. Nxg6 Rg8 40. f5 Nc7 41.
Qg5 Kf7 1-0

[Event "Continental de las Americas"]
[Site "Buenos Aires"]
[Date "2005.08.07"]
[Round "2.51"]
[White "Ruiz, Pablo"]
[Black "Lafuente, Pablo"]
[Result "1/2-1/2"]
[WhiteElo "2189"]
[BlackElo "2435"]
[PlyCount "52"]
[EventDate "2005.08.06"]

1. e4 c5 2. Nf3 d6 3. d4 cxd4 4. Nxd4 Nf6 5. Nc3 a6 6. Be2 e5 7. Nb3 Be7 8. O-O
O-O 9. Kh1 Nbd7 10. a4 b6 11. Be3 Bb7 12. f3 Qc7 13. Rf2 Rfd8 14. Bf1 Nc5 15.
Nxc5 dxc5 16. Rd2 c4 17. Rxd8+ Rxd8 18. Qe2 Rc8 19. Rd1 Qc6 20. g4 h6 21. g5
hxg5 22. Bxg5 Qe6 23. Qg2 g6 24. Bxf6 Bxf6 25. Qh3 Qxh3 26. Bxh3 Rc7 1/2-1/2

[Event "Continental de las Americas"]
[Site "Buenos Aires"]
[Date "2005.08.07"]
[Round "2.52"]
[White "Utman, Carlos"]
[Black "Bermudes, Eduardo"]
[Result "1-0"]
[WhiteElo "2341"]
[BlackElo "2190"]
[PlyCount "73"]
[EventDate "2005.08.06"]

1. e4 Nf6 2. e5 Nd5 3. d4 d6 4. c4 Nb6 5. f4 dxe5 6. fxe5 c5 7. d5 e6 8. Nc3
exd5 9. cxd5 c4 10. Nf3 Bb4 11. Bxc4 Bxc3+ 12. bxc3 Nxc4 13. Qa4+ Nd7 14. Qxc4
Nb6 15. Qb5+ Qd7 16. Qxd7+ Bxd7 17. d6 Rc8 18. Bd2 Nc4 19. Rc1 Rc5 20. Bf4 g5
21. Nxg5 Nxe5 22. Rd1 Bb5 23. Ne4 Nd7 24. Nxc5 Nxc5 25. Rd4 Kd7 26. Kd2 Ne6 27.
Rb4 Bc6 28. Bg3 a5 29. Rh4 Bxg2 30. Rg1 Bc6 31. Rf1 Ng5 32. Kc1 h5 33. Rf5 f6
34. Rxf6 Ne4 35. Rf7+ Kd8 36. Rxe4 Bxe4 37. Bh4+ 1-0

[Event "Continental de las Americas"]
[Site "Buenos Aires"]
[Date "2005.08.??"]
[Round "2.53"]
[White "D'Arruda, Ricardo"]
[Black "Lucena, Lincoln"]
[Result "1-0"]
[WhiteElo "2320"]
[BlackElo "2184"]
[PlyCount "153"]
[EventDate "2005.08.06"]

1. d4 b5 2. e4 Bb7 3. f3 a6 4. c4 bxc4 5. Nc3 e6 6. Qa4 Bc6 7. Qxc4 d5 8. exd5
exd5 9. Qb3 Qh4+ 10. g3 Qxd4 11. Bf4 Bc5 12. Qc2 Qb4 13. O-O-O Ne7 14. Bd3 Nd7
15. Bd2 Qb6 16. Nh3 h6 17. Na4 Bxa4 18. Qxa4 Rb8 19. b3 Qf6 20. Nf4 O-O 21. Kb1
Nb6 22. Qa5 Bd4 23. Bc1 c5 24. Ne2 Nc6 25. Qd2 Be5 26. f4 Bd6 27. Bb2 d4 28.
Bxa6 Rfd8 29. g4 Nb4 30. g5 hxg5 31. fxg5 Qe6 32. Bd3 N6d5 33. g6 Nxd3 34.
gxf7+ Kh8 35. Qxd3 Nb4 36. Qd2 Qg6+ 37. Ka1 Nc2+ 38. Kb1 Ne3+ 39. Qd3 Qxf7 40.
Rc1 Bf8 41. Ka1 Ra8 42. Rhg1 Qa7 43. a4 c4 44. Rxc4 Nxc4 45. Qxc4 Qa6 46. Qxa6
Rxa6 47. Nxd4 Rf6 48. Rg2 Kh7 49. Ka2 Bb4 50. Nc2 Rb6 51. Nxb4 Rxb4 52. Rxg7+
Kh6 53. Rg3 Rh4 54. Rg2 Rd3 55. Be5 Re4 56. Bg3 Kg6 57. Rf2 Rb4 58. Rb2 Kf5 59.
Ka3 Rb7 60. a5 Ke4 61. Ka4 Kd5 62. a6 Rf7 63. Kb5 Rd1 64. Bb8 Rh7 65. a7 Ra1
66. Rd2+ Ke4 67. Kb6 Rh6+ 68. Rd6 Rh7 69. b4 Rf7 70. b5 Rf5 71. Rd8 Rf6+ 72.
Kb7 Rf7+ 73. Bc7 Rxc7+ 74. Kxc7 Rxa7+ 75. Kc6 Ra2 76. b6 Rxh2 77. b7 1-0

[Event "Continental de las Americas"]
[Site "Buenos Aires"]
[Date "2005.08.07"]
[Round "2.54"]
[White "Goldwaser, Cristian"]
[Black "Critelli, James"]
[Result "1-0"]
[WhiteElo "2180"]
[BlackElo "2318"]
[PlyCount "101"]
[EventDate "2005.08.06"]

1. d4 Nf6 2. Nf3 e6 3. c4 b6 4. Nc3 Bb7 5. Bg5 Be7 6. Qc2 d5 7. cxd5 exd5 8. e3
O-O 9. Bd3 h6 10. Bxf6 Bxf6 11. O-O-O Nc6 12. h4 Nb4 13. Qd2 Nxd3+ 14. Qxd3 Qd7
15. Rdg1 Qg4 16. Nh2 Qg6 17. Qxg6 fxg6 18. Ng4 c5 19. Nxf6+ Rxf6 20. f3 Rc8 21.
Kd2 cxd4 22. exd4 Rc4 23. Ne2 Ba6 24. b3 Rc7 25. Rc1 Re7 26. Rhe1 Rd7 27. Ke3
g5 28. hxg5 hxg5 29. Nc3 Kf7 30. g3 Kg6 31. Kf2 Rf5 32. Re6+ Rf6 33. Ree1 Rc7
34. Nxd5 Rxc1 35. Rxc1 Rf7 36. Rc6+ Kh7 37. Rc7 Rxc7 38. Nxc7 Bb7 39. d5 Kg6
40. Ke3 Kf6 41. Kd4 Bc8 42. Ne8+ Kg6 43. Ke5 Bd7 44. Nd6 b5 45. b4 a6 46. Ne4
g4 47. f4 Kf7 48. Nc5 Bc8 49. d6 Ke8 50. a3 Kd8 51. Ne6+ 1-0

[Event "Continental de las Americas"]
[Site "Buenos Aires"]
[Date "2005.08.07"]
[Round "2.55"]
[White "Duarte, Leonardo"]
[Black "Bibiloni, Jorge"]
[Result "0-1"]
[WhiteElo "2317"]
[BlackElo "2178"]
[PlyCount "88"]
[EventDate "2005.08.06"]

1. e4 e5 2. Nf3 d6 3. d4 Nd7 4. Nc3 Be7 5. Bc4 c6 6. a4 Ngf6 7. g4 exd4 8. Nxd4
Ne5 9. Be2 Bxg4 10. f3 Bh3 11. f4 Nfg4 12. Nf5 Bh4+ 13. Ng3 Nxh2 14. Kf2 Nhg4+
15. Bxg4 Bxg4 16. Qd4 Qf6 17. Be3 g5 18. f5 Bxf5 19. Kg2 Bg4 20. Rhf1 Bf3+ 21.
Kh3 Bxg3 22. Kxg3 h5 23. Rad1 h4+ 24. Kh2 g4 25. Qxd6 Qxd6 26. Rxd6 Ke7 27. Bc5
Ke8 28. Bd4 Rh5 29. Bxe5 Rxe5 30. Rh6 Rd8 31. Rxh4 Rd2+ 32. Kg3 Rxc2 33. Rf2
Rc1 34. Rd2 Re6 35. Rh8+ Ke7 36. Rb8 Rh6 37. Rxb7+ Kf8 38. e5 Rf1 39. Rd8+ Kg7
40. Rd6 Rh3+ 41. Kf4 g3 42. e6 Bh5+ 43. Ke5 g2 44. Ne2 Re3+ 0-1

[Event "Continental de las Americas"]
[Site "Buenos Aires"]
[Date "2005.08.07"]
[Round "2.56"]
[White "Alza, Agustin"]
[Black "Hobaica, Juan Pablo"]
[Result "0-1"]
[WhiteElo "2167"]
[BlackElo "2317"]
[PlyCount "60"]
[EventDate "2005.08.06"]

1. d4 d5 2. c4 c6 3. Nc3 Nf6 4. e3 a6 5. Nf3 b5 6. b3 Bg4 7. Bd2 Nbd7 8. Be2 e6
9. Ne5 Bxe2 10. Qxe2 Nxe5 11. dxe5 Nd7 12. f4 Qh4+ 13. g3 Qh3 14. e4 dxc4 15.
bxc4 h5 16. Nd1 Bc5 17. Be3 Qg4 18. Qxg4 hxg4 19. Ke2 Ke7 20. Nf2 Bxe3 21. Kxe3
Nb6 22. c5 Nc4+ 23. Ke2 Rad8 24. Nd3 Rd4 25. Nf2 Rd2+ 26. Ke1 Rhd8 27. Nxg4
R8d4 28. Nf2 Ne3 29. Rc1 Rxa2 30. h3 Rdd2 0-1

[Event "Continental de las Americas"]
[Site "Buenos Aires"]
[Date "2005.08.07"]
[Round "2.57"]
[White "Tovillas, Daniel"]
[Black "Idiarte Borda, Jorge"]
[Result "1-0"]
[WhiteElo "2310"]
[BlackElo "2157"]
[PlyCount "71"]
[EventDate "2005.08.06"]

1. e4 e6 2. Nf3 c5 3. d3 Nc6 4. g3 g6 5. Bg2 Bg7 6. c3 Nge7 7. Bg5 O-O 8. O-O
b6 9. Qc1 Bb7 10. Bh6 Qc7 11. Re1 d5 12. e5 Rac8 13. Na3 a6 14. h4 b5 15. g4
Rfd8 16. Qf4 f5 17. exf6 Qxf4 18. Bxf4 Bxf6 19. Rxe6 Kf7 20. Rae1 Rd7 21. Nc2
Nd8 22. Rxf6+ Kxf6 23. Bg5+ Kg7 24. Bxe7 Nf7 25. g5 Rcc7 26. Bf6+ Kf8 27. Bh3
Rd6 28. d4 c4 29. Ne5 Bc8 30. Bxc8 Rxc8 31. Nxf7 Kxf7 32. Re7+ Kf8 33. Rxh7
Rcc6 34. Be5 Re6 35. f4 a5 36. Ne3 1-0

[Event "Continental de las Americas"]
[Site "Buenos Aires"]
[Date "2005.08.07"]
[Round "2.58"]
[White "Zapata, Karen"]
[Black "Hungaski, Roberto"]
[Result "1-0"]
[WhiteElo "2156"]
[BlackElo "2308"]
[PlyCount "85"]
[EventDate "2005.08.06"]

1. e4 c5 2. Nc3 Nc6 3. g3 g6 4. Bg2 Bg7 5. d3 d6 6. Be3 e6 7. f4 Nge7 8. Nf3
Nd4 9. Qd2 O-O 10. O-O d5 11. Bxd4 cxd4 12. Ne2 Qb6 13. Kh1 Bd7 14. g4 dxe4 15.
dxe4 Bb5 16. a4 Ba6 17. a5 Qc7 18. e5 Rfd8 19. Rfc1 Nc6 20. Nfxd4 Nxd4 21. Nxd4
g5 22. Re1 Bc4 23. f5 f6 24. Qe3 fxe5 25. Nxe6 Bxe6 26. fxe6 Qxc2 27. Bxb7 Rab8
28. Re2 Qc4 29. a6 Qxe6 30. Qxa7 Qxg4 31. Qe3 Qb4 32. Be4 Qf8 33. a7 Rbc8 34.
Qxg5 Ra8 35. Bxa8 Rxa8 36. Qg2 Kh8 37. b4 e4 38. Rf1 Qxb4 39. Qxe4 Qxe4+ 40.
Rxe4 Kg8 41. Ra4 Bf8 42. Rb1 Bd6 43. Rb7 1-0

[Event "Continental de las Americas"]
[Site "Buenos Aires"]
[Date "2005.08.07"]
[Round "2.60"]
[White "Borda, Alan"]
[Black "Chemin, Justo"]
[Result "0-1"]
[WhiteElo "2131"]
[BlackElo "2296"]
[PlyCount "136"]
[EventDate "2005.08.06"]

1. e4 e5 2. Nf3 Nc6 3. Bc4 Bc5 4. c3 Bb6 5. d4 Qe7 6. O-O d6 7. dxe5 Nxe5 8.
Nxe5 dxe5 9. Qf3 Nf6 10. Be3 O-O 11. Nd2 Bd7 12. Bg5 h6 13. Be3 Rad8 14. Bxb6
axb6 15. Qe2 Bc6 16. Rfd1 Rd6 17. Bb3 Rfd8 18. f3 Nh5 19. g3 Qg5 20. Nf1 Nf4
21. Qc4 Ne6 22. Rxd6 Rxd6 23. Rd1 b5 24. Qe2 Nf4 25. Qe3 Rf6 26. Kh1 Nh3 27.
Rd3 Rxf3 28. Qxf3 Bxe4 29. Bxf7+ Kf8 30. Be6+ Bxf3+ 31. Rxf3+ Nf4 32. gxf4 exf4
33. Nd2 Qe5 34. Bb3 g5 35. Kg2 Qe1 36. Rf2 c5 37. Nf3 Qe3 38. h3 Kg7 39. Bc2 b6
40. Rd2 h5 41. Rd7+ Kf8 42. Bd1 g4 43. hxg4 hxg4 44. Ng5 f3+ 45. Nxf3 gxf3+ 46.
Bxf3 Qc1 47. Rb7 Qxb2+ 48. Kg3 Qxc3 49. Rxb6 b4 50. Kf4 Qd2+ 51. Ke5 Qd4+ 52.
Kf5 Qd7+ 53. Re6 Qd3+ 54. Be4 Qf1+ 55. Kg5 Qg1+ 56. Kf5 Qf2+ 57. Ke5 Qd2 58.
Rf6+ Ke7 59. Rb6 Qb2+ 60. Kf5 Qf2+ 61. Ke5 Qd4+ 62. Kf5 c4 63. Rb7+ Kd6 64. Bf3
b3 65. Rb8 Kc5 66. Rb7 Qf2 67. Kf4 b2 68. Kg4 Qg1+ 0-1

[Event "Continental de las Americas"]
[Site "Buenos Aires"]
[Date "2005.08.07"]
[Round "2.61"]
[White "Fedrizzi, Alan"]
[Black "Ripari, Marcelo"]
[Result "0-1"]
[WhiteElo "2119"]
[BlackElo "2295"]
[PlyCount "115"]
[EventDate "2005.08.06"]

1. e4 c5 2. Nf3 e6 3. c3 d5 4. exd5 exd5 5. d4 Nf6 6. Bd3 Nc6 7. h3 Be6 8. O-O
Be7 9. Bg5 Qb6 10. b3 cxd4 11. Nxd4 Nxd4 12. cxd4 Rc8 13. Be3 O-O 14. Nd2 Rc3
15. Qe2 Rfc8 16. Rfd1 Ne8 17. Nf3 Nd6 18. Bg5 Bxg5 19. Nxg5 Bf5 20. Bxf5 Nxf5
21. Qg4 Qf6 22. Nf3 Nd6 23. Rd2 h6 24. Re1 Ne4 25. Rde2 Rc2 26. Qd7 Qc6 27. Qf5
g6 28. Qf4 Rxe2 29. Rxe2 Qc1+ 30. Qxc1 Rxc1+ 31. Kh2 f6 32. g3 Kf7 33. Kg2 g5
34. Nh2 Nc3 35. Rd2 b5 36. b4 Ne4 37. Rb2 h5 38. g4 h4 39. Nf3 Nd6 40. a4 bxa4
41. Ra2 Ne4 42. Rxa4 Rc2 43. Rxa7+ Ke6 44. Ne1 Rxf2+ 45. Kg1 Rd2 46. Nf3 Rd1+
47. Kg2 Rb1 48. Rb7 Nd6 49. Rb8 Kd7 50. Rf8 Ne4 51. Rb8 Kc7 52. Rb5 Kc6 53. Rb8
Rb2+ 54. Kg1 Nf2 55. Kg2 Nxg4+ 56. Kg1 Nf2 57. Kg2 Ne4+ 58. Kh1 0-1

[Event "Continental de las Americas"]
[Site "Buenos Aires"]
[Date "2005.08.07"]
[Round "2.62"]
[White "Mazziotti Irigoyen, Gabriel"]
[Black "Ronco, Raul"]
[Result "1/2-1/2"]
[WhiteElo "2293"]
[BlackElo "2144"]
[PlyCount "113"]
[EventDate "2005.08.06"]

1. d4 Nf6 2. c4 e6 3. g3 d5 4. Bg2 Bb4+ 5. Bd2 Be7 6. Nf3 Nbd7 7. Nc3 O-O 8. b3
c6 9. O-O b6 10. cxd5 cxd5 11. Rc1 Ba6 12. a3 Rc8 13. b4 Bc4 14. Na4 Ne4 15.
Nb2 b5 16. Nd3 Bxd3 17. exd3 Nxd2 18. Nxd2 a5 19. Qb3 axb4 20. axb4 Qb6 21. Nf3
Qd6 22. Ra1 Qxb4 23. Qxb4 Bxb4 24. Rab1 Bc3 25. Rxb5 Rb8 26. Rfb1 Rxb5 27. Rxb5
Rb8 28. Rxb8+ Nxb8 29. Kf1 Nc6 30. Ke2 Bxd4 31. Nd2 f5 32. f4 h6 33. h4 g6 34.
Bf3 Bc3 35. Nb3 Kf7 36. Kf2 Ke7 37. Be2 Nb4 38. d4 Nc2 39. Bd3 Nxd4 40. Nxd4
Bxd4+ 41. Kf3 Kf6 42. g4 fxg4+ 43. Kxg4 Bf2 44. h5 gxh5+ 45. Kxh5 Be3 46. Kg4
h5+ 47. Kf3 Bc1 48. Bf1 Bxf4 49. Kxf4 e5+ 50. Ke3 Ke6 51. Bh3+ Kd6 52. Bf5 h4
53. Bh3 Kc5 54. Kd3 Kd6 55. Kc3 Ke7 56. Bg2 d4+ 57. Kc4 1/2-1/2

[Event "Continental de las Americas"]
[Site "Buenos Aires"]
[Date "2005.08.07"]
[Round "2.63"]
[White "Echeguren, Gustavo"]
[Black "Farfan Ortiz, Alfredo"]
[Result "0-1"]
[WhiteElo "2094"]
[BlackElo "2285"]
[PlyCount "142"]
[EventDate "2005.08.06"]

1. e4 c5 2. Nc3 Nc6 3. g3 g6 4. Bg2 Bg7 5. d3 d6 6. Be3 Rb8 7. Qd2 b5 8. f4 Nd4
9. Nd1 b4 10. c3 bxc3 11. bxc3 Nc6 12. Ne2 Ba6 13. O-O Qb6 14. Rc1 Nf6 15. Nf2
O-O 16. g4 Rfc8 17. g5 Nd7 18. h3 Qb2 19. Rc2 Qa3 20. Bf3 Rb6 21. Bg4 Rd8 22.
h4 Nf8 23. h5 Bh8 24. Bf3 Rdb8 25. Kg2 Bb5 26. Rb2 Ba4 27. Rxb6 Rxb6 28. Nd1
Bxd1 29. Qxd1 Bxc3 30. Nxc3 Qxc3 31. Rf2 Ne6 32. e5 Qb4 33. exd6 exd6 34. Bxc6
Rxc6 35. Qa1 Rb6 36. Qf6 Rb8 37. Kg3 Qe1 38. Bd2 Qg1+ 39. Rg2 Qd4 40. Bc3 Qxf6
41. Bxf6 Kf8 42. Rb2 Rxb2 43. Bxb2 Ke7 44. Kf3 Nc7 45. Ke4 Ke6 46. Bc1 Nd5 47.
Bd2 Ne7 48. Ba5 d5+ 49. Kf3 Kf5 50. Bc7 c4 51. Bd6 Nc6 52. dxc4 dxc4 53. Ke3
Ke6 54. Ba3 Kd5 55. Bf8 Nd4 56. Bg7 Nf5+ 57. Kd2 Nd6 58. Be5 Ne4+ 59. Ke3 Ng3
60. Bb8 a6 61. Be5 Nf5+ 62. Kf3 Ne7 63. Ke3 Nc6 64. Bc3 Na7 65. a4 Nc6 66. Kf3
Nd8 67. Ke3 Ne6 68. Kf3 Nc5 69. a5 Na4 70. Be5 c3 71. Ke3 Kc4 0-1

[Event "Continental de las Americas"]
[Site "Buenos Aires"]
[Date "2005.08.07"]
[Round "2.64"]
[White "Lemos, Damian"]
[Black "Parrilli, Fernando"]
[Result "1-0"]
[WhiteElo "2284"]
[BlackElo "2140"]
[PlyCount "91"]
[EventDate "2005.08.06"]

1. d4 Nf6 2. c4 e6 3. Nc3 Bb4 4. Qc2 O-O 5. a3 Bxc3+ 6. Qxc3 b6 7. Bg5 h6 8.
Bh4 Bb7 9. f3 d6 10. e4 Nbd7 11. e5 g5 12. Bf2 Nh5 13. h4 dxe5 14. dxe5 Nf4 15.
h5 g4 16. Be3 Qg5 17. g3 gxf3 18. Bxf4 Qf5 19. Bd3 Be4 20. Bxe4 Qxe4+ 21. Kf2
Nc5 22. Qxf3 Nd3+ 23. Kg2 Qxc4 24. Rf1 Rad8 25. Rh2 f5 26. Kh1 Kh7 27. Re2 Rg8
28. Nh3 Rd4 29. Qg2 c5 30. Kh2 Qa4 31. Qf3 Rg4 32. Nf2 Nxf2 33. Rfxf2 Qe8 34.
Qb7+ Rg7 35. Qg2 Rg4 36. Rd2 Re4 37. Rde2 Rd4 38. Qh3 Rd1 39. Rd2 Rb1 40. Rf1
Rxf1 41. Qxf1 b5 42. Qd1 Rg7 43. Kg2 c4 44. Rd8 Qe7 45. Rb8 Qh4 46. Qf3 1-0

[Event "Continental de las Americas"]
[Site "Buenos Aires"]
[Date "2005.08.07"]
[Round "2.65"]
[White "Alaluf, Alfredo"]
[Black "Blit, Jacques"]
[Result "0-1"]
[WhiteElo "2091"]
[BlackElo "2278"]
[PlyCount "73"]
[EventDate "2005.08.06"]

1. d4 g6 2. c4 Bg7 3. e4 c5 4. Nf3 cxd4 5. Nxd4 Nc6 6. Be3 Nf6 7. Nc3 Ng4 8.
Qxg4 Nxd4 9. Qd1 Nc6 10. Qd2 d6 11. Be2 Qa5 12. O-O Bxc3 13. bxc3 Be6 14. Rfb1
Qc7 15. Rb5 b6 16. f4 f6 17. Bd4 Bd7 18. Rbb1 Na5 19. Bd3 Be6 20. Qf2 Bxc4 21.
Bc2 O-O 22. Qh4 e5 23. Be3 Be6 24. Qe1 Nc4 25. Bb3 Rae8 26. Ba4 Re7 27. Bc1
exf4 28. Bxf4 Bf5 29. Rd1 Rxe4 30. Qg3 Qc5+ 31. Kh1 d5 32. Bc2 Rxf4 33. Qxf4
Bxc2 34. Re1 Be4 35. Re2 Ne5 36. Re3 Nd3 37. Qh4 0-1